• 首页
  • 本馆介绍
  • 公告通知
  • 最新文献
  • 馆藏检索
  • 电子资源
  • 读者导购
  • 参考咨询
  • 我的图书馆
  • 登录
  • 详细信息显示
  • 放入我的书架
  • 预约/预借图书
  • 作者相关作品
  • 分类相关作品
  • 丛书相关作品
  • 出版社相关作品

书目信息

  • 表格格式
  • 工作单格式
  • 卡片格式
题名:
生态系统管理与技术
    
 
作者: 杨京平 主编
分册:  
出版信息: 北京   化学工业出版社  2004
页数: 373页
开本: 20cm
丛书名: 生态工程技术丛书
单 册:
中图分类: Q148
科图分类:
主题词: 生态系生态学--环境管理 , 生态系生态学 , 环境管理
电子资源:
ISBN: 7-5025-5242-1
000 00955oam2 2200277 450
001 002637609
005 20070805110430.25
010    @a7-5025-5242-1@dCNY28.00
100    @a20040509d2004 em y0chiy0110 ea
101 0  @achi
102    @aCN@b110000
105    @ay z 000yy
106    @ar
200 1  @a生态系统管理与技术@Asheng tai xi tong guan li yu ji shu@f杨京平主编@Fyang jing ping zhu bian
210    @a北京@c化学工业出版社@d2004
215    @a373页@d20cm
225 2  @a生态工程技术丛书@Asheng tai gong cheng ji shu cong shu
330    @a本书对生态系统管理理论与工程技术进行了详细的介绍。具体涉及到:生态系统管理理论与内容体系;生态系统管理中的空间技术、模拟技术等。
461  0 @1001002637601@12001 @a生态工程技术丛书
606 0  @a生态系生态学@x环境管理
606 0  @a生态系生态学
606 0  @a环境管理
690    @aQ148@v4
701  0 @a杨京平@Ayang jing ping@c(环境生态学)@4主编
801  0 @aCN@bNLC@c20070805
905    @dQ148@e141@f5
    
    生态系统管理与技术/杨京平主编.-北京:化学工业出版社,2004
    373页;20cm.-(生态工程技术丛书)
    
    
    ISBN 7-5025-5242-1:CNY28.00
    本书对生态系统管理理论与工程技术进行了详细的介绍。具体涉及到:生态系统管理理论与内容体系;生态系统管理中的空间技术、模拟技术等。
●
相关链接 在E读中查询图书 在五车中查询图书 在当当中查询图书 在豆瓣中查询图书


正题名:生态系统管理与技术     索取号:Q148/141         预约/预借

序号 登录号 条形码 馆藏地/架位号 状态 备注
1 0850866   208508667   第二样本阅览室/ [索取号:Q148/141] 在馆    
2 0850867   208508676   第三借阅区/ [索取号:Q148/141] 在馆    
3 0850868   208508685   第三借阅区/ [索取号:Q148/141] 在馆    
4 0850869   208508694   第三借阅区/ [索取号:Q148/141] 在馆    
5 0850870   208508701   第三借阅区/ [索取号:Q148/141] 在馆    
唐山师范学院图书馆 欢迎您!
大连网信软件有限公司© 版权所有